Detalles MARC
| 000 -LEADER |
| fixed length control field |
01396nam a2200301 a 4500 |
| 001 - CONTROL NUMBER |
| control field |
000000479 |
| 003 - CONTROL NUMBER IDENTIFIER |
| control field |
DO-SdBNP |
| 005 - DATE AND TIME OF LATEST TRANSACTION |
| control field |
20150716112958.0 |
| 007 - PHYSICAL DESCRIPTION FIXED FIELD--GENERAL INFORMATION |
| fixed length control field |
000000479 |
| 008 - FIXED-LENGTH DATA ELEMENTS--GENERAL INFORMATION |
| fixed length control field |
081204s2008 dr a 000 0 spa d |
| 020 ## - INTERNATIONAL STANDARD BOOK NUMBER |
| International Standard Book Number |
9789945443264 |
| 040 ## - CATALOGING SOURCE |
| Original cataloging agency |
BPMET |
| Language of cataloging |
spa |
| Transcribing agency |
BPMET |
| 049 ## - LOCAL HOLDINGS (OCLC) |
| Holding library |
BNPD |
| Copy statement |
1[001089], 2 [001090] |
| 092 ## - LOCALLY ASSIGNED DEWEY CALL NUMBER (OCLC) |
| Classification number |
332.41 |
| Item number |
A452q |
| 100 1# - MAIN ENTRY--PERSONAL NAME |
| Personal name |
Almonte Diloné, Henry |
| 245 11 - TITLE STATEMENT |
| Title |
¿Qué es la inflación? / |
| Statement of responsibility, etc. |
Henry Almonte Diloné |
| 260 ## - PUBLICATION, DISTRIBUTION, ETC. (IMPRINT) |
| Place of publication, distribution, etc. |
Santo Domingo : |
| Name of publisher, distributor, etc. |
Banco Central de la República Dominicana, |
| Date of publication, distribution, etc. |
2008. |
| 300 ## - PHYSICAL DESCRIPTION |
| Extent |
72 p. : |
| Other physical details |
il. ; |
| Dimensions |
21 cm. |
| 490 ## - SERIES STATEMENT |
| Series statement |
Banco Central de la República Dominicana, educativa BCRD, no.3 |
| Volume/sequential designation |
106 |
| 505 0# - FORMATTED CONTENTS NOTE |
| Formatted contents note |
Introducción, -- |
| Title |
Breve historia de la inflación en el mundo -- |
| -- |
Breve historia en nuestro país -- |
| -- |
¿Qué es la inflación? -- |
| -- |
Sus causas -- |
| -- |
¿Cómo se clasifica? -- |
| -- |
¿Como se mide? -- |
| -- |
¿Cómo podemos combatirla? -- |
| -- |
Guía de lectura -- . |
| -- |
Actividades -- |
| -- |
Trabajando el concepto -- |
| -- |
No es lo mismo -- |
| -- |
A trabajar -- |
| -- |
Otras actividades -- |
| -- |
Glosario de términos -- |
| -- |
Colección del Banco Central -- |
| 650 #4 - SUBJECT ADDED ENTRY--TOPICAL TERM |
| Topical term or geographic name as entry element |
INFLACIÓN |
| 650 #4 - SUBJECT ADDED ENTRY--TOPICAL TERM |
| Topical term or geographic name as entry element |
ECONOMÍA |
| 830 ## - SERIES ADDED ENTRY--UNIFORM TITLE |
| Name of part/section of a work |
Banco Central de la República Dominicana, educativa BCRD, |
| Volume number/sequential designation |
106, no. 3 |
| 930 #1 - EQUIVALENCE OR CROSS-REFERENCE-UNIFORM TITLE HEADING [LOCAL, CANADA] |
| Language of a work |
BND01 |
| Medium of performance for music |
LF1 |
| Field link and sequence number |
20090727 |
| Date of a work |
01 |
| Name of part/section of a work |
HD |
| 942 ## - ADDED ENTRY ELEMENTS (KOHA) |
| Source of classification or shelving scheme |
Dewey Decimal Classification |
| Koha item type |
Libros |
| 956 ## - LOCAL ELECTRONIC LOCATION AND ACCESS (OCLC) |
| Host name |
VMATEO |
| Access number |
10 |
| Compression information |
20100424 |
| Logon |
BND01 |
| Processor of request |
00151 |
| 956 ## - LOCAL ELECTRONIC LOCATION AND ACCESS (OCLC) |
| Host name |
VMATEO |
| Access number |
10 |
| Compression information |
20150716 |
| Logon |
BPMSU |
| Processor of request |
00151 |